| Tag |
First Indicator |
Second Indicator |
Subfields |
| LEADER |
00000cam a2200000 4500 |
| 001 |
in00000007032 |
| 005 |
20151004080013.0 |
| 008 |
770819s1931 enk d 00010 eng d |
| 035 |
|
|
|a (OCoLC)03202206
|
| 035 |
|
|
|9 AAA1497AM
|
| 040 |
|
|
|a OCP
|c OCP
|d m/c
|d TXA
|d UtOrBLW
|
| 041 |
0 |
|
|a eng
|h per
|
| 049 |
|
|
|a TXAM
|c [A12617632]
|
| 050 |
|
4 |
|a PK6379
|b .P3 1931
|
| 100 |
1 |
|
|a Palmer, Edward Henry,
|d 1840-1882.
|
| 245 |
1 |
2 |
|a A concise dictionary of the Persian language /
|c By E. H. Palmer.
|
| 250 |
|
|
|a 11th impression.
|
| 264 |
|
1 |
|a London :
|b K. Paul, Trench, Trubner & co., ltd.,
|c 1931.
|
| 300 |
|
|
|a 726 numbered color ;
|c 19 cm.
|
| 336 |
|
|
|a text
|b txt
|2 rdacontent
|
| 337 |
|
|
|a unmediated
|b n
|2 rdamedia
|
| 338 |
|
|
|a volume
|b nc
|2 rdacarrier
|
| 500 |
|
|
|a Spine title: Persian English dictionary.
|
| 650 |
|
0 |
|a Persian language
|v Dictionaries
|x English.
|
| 650 |
|
0 |
|a English language
|v Dictionaries
|x Persian.
|
| 740 |
0 |
|
|a Persian English dictionary.
|
| 999 |
|
|
|a MARS
|
| 999 |
f |
f |
|s ac3cd374-575b-327c-a5da-1e20b8a0094b
|i 6f4626f5-b10e-369c-b684-a79126536410
|t 0
|
| 952 |
f |
f |
|p ric
|a Texas A&M University
|b Rellis Campus
|c Joint Library Facility
|d Remote Storage
|t 0
|e PK6379 .P3 1931
|h Library of Congress classification
|i unmediated -- volume
|m A14812617632
|
| 998 |
f |
f |
|a PK6379 .P3 1931
|t 0
|l Remote Storage
|